Šaľa mesačník samosprávy mesta

Bibliographic Details
Format: Journal
Language:Slovak
PhysicalDescription:[11 zv.] 21-30 cm
Published: Šaľa Mestský úrad [2000]-2010
Šaľa Mesto Šaľa
Subjects:
Online Access:http://ww.sala.sk/mesacnik-samospravy?paginator-page=2010

MARC

LEADER 00000cas a2200000 a 4500
001 vtls008297708
003 SK-MaSNL
005 20260228155820.0
008 050914d200u2010xo mr|p 0 b0slo
040 |a SNK  |b slo  |c SNK  |e AACR2 
041 |a slo 
043 |a e-xo--- 
044 |a xo  |c SK 
072 7 |a 352/354  |x Stupne miestnej, oblastnej a ústrednej správy  |2 konspekt 
072 7 |a 394  |x Verejný a spoločenský život. Každodenný život  |2 konspekt 
080 |a 353.9  |2 2011 
080 |a 394  |2 2011 
080 |a 050  |2 2011 
245 0 0 |a Šaľa  |b mesačník samosprávy mesta 
260 |a Šaľa  |b Mestský úrad  |c [2000]-2010 
260 3 |3 2007-2010  |a Šaľa  |b Mesto Šaľa 
300 |a [11 zv.]  |c 21-30 cm 
310 |a 6x ročne 
321 |a 1x mesačne  |b [200?]-2009 
362 0 |a [2000]-roč. XI, nov/dec. (2010) 
500 |a Popis podľa: Roč. VI (Feb. 2005) 
500 |a Od febr./2007 rozmer zv. 21 cm 
500 |a Šéfredaktori sa menia 
500 |a Podnázov od: 2007-2009, mesačník samosprávy Šaľa ; 2010, dvojmesačník samosprávy Šaľa 
500 |a Evidenčné číslo: EV 3221/09 
650 0 7 |a územná samospráva  |2 SNKPH  |9 802 
650 0 7 |a každodenný život  |2 SNKPH  |9 4946 
651 7 |a Šaľa (Slovensko)  |2 SNKPH  |9 27574 
655 7 |a miestne periodiká  |2 SNKPH  |9 160938 
856 4 0 |u http://ww.sala.sk/mesacnik-samospravy?paginator-page=2010 
910 |a snk 
958 |a OND 
999 |c 665  |d 665 
952 |0 0  |1 0  |4 0  |7 0  |8 0  |a SNK  |b SNK  |d 2016-12-12  |i snk2016/28594  |l 0  |o snkČSB 6296/7/2006  |p 17A1204183  |r 2026-02-21 22:24:23  |t č. febr.-dec., neúplné  |w 2026-02-21  |y PREZ  |z Chýba apr. 
952 |0 0  |1 0  |4 0  |7 0  |8 0  |a SNK  |b SNK  |d 2016-12-12  |i snk2016/28595  |l 0  |o snkČSB 6296/8/2007  |p 17A1204184  |r 2026-02-21 22:24:23  |t č. febr.-dec., neúplné  |w 2026-02-21  |y PREZ  |z Chýba č. sept.  
952 |0 0  |1 0  |4 0  |7 0  |8 0  |a SNK  |b SNK  |d 2016-12-12  |i snk2016/28582  |l 0  |o snkČSB 6296/6/2005  |p 17A1204182  |r 2026-02-21 22:24:24  |t č. febr.-dec., neúplné  |w 2026-02-21  |y PREZ  |z Chýba júl, aug., nov. 
952 |0 0  |1 0  |4 0  |7 0  |8 0  |a SNK  |b SNK  |d 2016-12-12  |i snk2016/28596  |l 0  |o snkČSB 6296/9/2008  |p 17A1204185  |r 2026-02-21 22:24:52  |t č. febr.-nov.  |w 2026-02-21  |y PREZ 
952 |0 0  |1 0  |4 0  |7 0  |8 0  |a SNK  |b SNK  |d 2016-12-12  |i snk2016/28597  |l 0  |o snkČSB 6296/10/2009  |p 17A1204186  |r 2026-02-21 22:24:53  |t č. jan.-nov.  |w 2026-02-21  |y PREZ  |z Č. júl a august nevyšiel 
952 |0 0  |1 0  |4 0  |7 0  |8 0  |a SNK  |b SNK  |d 2016-12-12  |i snk2016/28602  |l 0  |o snkČSB 6296/11/2010  |p 17A1204187  |r 2026-02-21 22:24:53  |t č. jan.-dec., neúplné  |w 2026-02-21  |y PREZ  |z Chýba máj, jún ; sept. a okt. nevydali ;